000 00284nam a2200109Ia 4500
008 230907s9999||||xx |||||||||||||| ||und||
082 _a624.1513
_bHOL
245 3 _aAn introduction to geotechnical engineering /
260 _aPearson,
_bNoida :
_c2013
300 _a863 p.
942 _cBK
999 _c601283
_d601283